Psychoanalysis, culture & society.
Disimpan dalam:
| Tajuk Terdahulu: | Journal for the psychoanalysis of culture & society |
|---|---|
| Pengarang Korporat: | |
| Format: | Jurnal |
| Bahasa: | English |
| Diterbitkan: |
Basingstoke, Hampshire, [England] :
Palgrave Macmillan Ltd.,
c2004-
|
| Subjek-subjek: | |
| Penanda-penanda: |
Tambah Penanda
Tiada Penanda, Jadilah orang pertama menanda rekod ini!
|
| LEADER | 01026cas a2200289 a 4500 | ||
|---|---|---|---|
| 001 | 009249357-2 | ||
| 005 | 20060620143625.0 | ||
| 008 | 040429c20049999enktr p 0 0eng d | ||
| 010 | |a 2004233469 | ||
| 022 | |y 1088-0763 | ||
| 035 | 0 | |a ocm55045485 | |
| 040 | |a GUA |c GUA | ||
| 042 | |a lcd | ||
| 050 | 1 | 4 | |a BF175.4.C84 |b J68 |
| 245 | 0 | 0 | |a Psychoanalysis, culture & society. |
| 246 | 3 | |a Psychoanalysis, culture and society | |
| 260 | |a Basingstoke, Hampshire, [England] : |b Palgrave Macmillan Ltd., |c c2004- | ||
| 300 | |a v. ; |c 25 cm. | ||
| 310 | |a Three no. a year | ||
| 362 | 0 | |a Vol. 9, no. 1 (Apr. 2004)- | |
| 550 | |a Issued in partnership with the Association for the Psychoanalysis of Culture & Society. | ||
| 650 | 0 | |a Psychoanalysis |v Periodicals. | |
| 650 | 0 | |a Psychoanalysis and culture |v Periodicals. | |
| 710 | 2 | |a Association for the Psychoanalysis of Culture & Society. | |
| 780 | 0 | 0 | |t Journal for the psychoanalysis of culture & society |x 1088-0763 |w (DLC) 96659228 |w (OCoLC)34506953 |
| 988 | |a 20040514 | ||
| 906 | |0 OCLC | ||


